El laberinto de la soledad

Uloženo v:
Podrobná bibliografie
Hlavní autor: Paz, Octavio (autor)
Médium: Kniha
Jazyk:španělština
Vydáno: Ciudad de México Fondo de Cultura Económica 1959
Vydání:2a. ed
Edice:Vida y pensamiento de México
Témata:
Tagy: Přidat tag
Žádné tagy, Buďte první, kdo vytvoří štítek k tomuto záznamu!

MARC

LEADER 00000nam a2200000 a 4500
001 UCQ4713
003 CL-VaPUC
008 980910e19590000MX |||||||||||||||||spa|d
082 0 4 |a Me864  |b PAZ  |2 21 
100 |a Paz, Octavio  |e autor  |9 321638 
245 1 3 |a El laberinto de la soledad 
250 |a 2a. ed 
300 |a 191 p 
942 |c BK 
945 |d 19980910 00:00:00  |a lriquelm 
260 |a Ciudad de México  |b Fondo de Cultura Económica  |c 1959 
650 0 |a Literatura mexicana  |9 313097 
650 7 |a ENSAYOS MEXICANOS  |2 CL-VaPUC  |9 315571 
650 7 |a CARACTERISTICAS NACIONALES  |2 CL-VaPUC  |9 258185 
650 0 |a Historia  |9 255047 
651 0 |a México  |9 255269 
583 |a last modification  |c 19980910 00:00:00  |k Rodrigo Vera 
490 0 |a Vida y pensamiento de México 
999 |c 275019  |d 275017 
952 |0 0  |1 0  |4 0  |6 ME_864_000000000000000_PAZ_1959  |7 0  |8 A  |9 311527  |a BIBEDU  |b BIBEDU  |d 2019-11-20  |i 2959240  |o Me864 PAZ 1959  |p 2959240  |r 2019-11-20  |w 2019-11-20  |y BK  |k LIT